[Event "FRA-chT Top 12 2019"]
[Site "Brest"]
[Date "2019.05.21"]
[Round "4.3"]
[White "Naiditsch, Arkadij"]
[Black "Hamitevici, Vladimir"]
[Result "1-0"]
[WhiteElo "2682"]
[BlackElo "2476"]
[Annotator "TA"]
[PlyCount "103"]
[EventDate "2019.05.18"]
[EventType "team-tourn"]
[EventCountry "FRA"]
[SourceTitle "playchess.com"]
[Source "ChessBase"]
[SourceQuality "1"]

{[%evp 18,103,27,27,43,20,21,23,25,19,22,20,13,14,10,12,4,17,30,0,53,35,45,33,23,32,26,29,41,30,34,33,66,74,123,101,134,95,157,106,179,135,189,176,213,175,189,187,204,200,202,195,195,197,197,194,210,145,154,157,229,221,221,221,216,203,213,196,214,214,221,221,220,220,216,214,213,204,205,197,222,222,230,214,216,209,465,198]} 1. e4 e5 2. Nf3 Nc6 3. Bb5 a6 4. Ba4 Nf6 5. d3 ({Predecessor:} 5. O-O Be7 6. Re1 b5 7. Bb3 O-O 8. a4 Bb7 {0-1 (54) Pott,B (1794)-Tsygankov,E (2285) LSS email 2013}) 5... b5 6. Bb3 Be7 7. a4 Bb7 8. O-O O-O 9. Re1 d6 10. Nbd2 Qd7 {C88: Closed Ruy Lopez: Anti-Marshall Systems} 11. Nf1 Nd8 12. axb5 $146 (12. c3 {seems wilder.} c5 13. Ng3 Ne6 14. Ng5 Bd8 15. Be3) (12. Ng3 Ne6 13. Nf5 Bd8 14. Ng5 Nxg5 15. Bxg5 g6 16. Ne3 Ng4 17. Bxd8 Nxe3 18. Rxe3 Raxd8 19. axb5 axb5 {½-½ (29) Svidler,P (2760)-Efimenko,Z (2636) Germany 2018}) 12... axb5 {White has an edge.} 13. Rxa8 Bxa8 14. Ng3 Ne6 15. c3 c5 16. d4 exd4 17. cxd4 c4 18. Bc2 (18. d5 $5 {[%cal Rd5e6]} cxb3 19. dxe6 fxe6 20. Qxb3 $11) 18... g6 (18... d5 $1 $11) 19. d5 $14 Nc5 20. Nd4 Re8 21. b4 cxb3 $1 22. Nxb3 Bf8 23. Bb2 $36 {[%mdl 2048] White is more active.} Bg7 24. Qa1 Nxb3 25. Bxb3 Qd8 26. Bc2 h5 27. Nf1 h4 (27... Qe7 $142) 28. Ne3 (28. Bd3 $142) 28... Kh7 (28... Bb7 $16 29. h3 Qe7) 29. Bd3 b4 (29... Bb7 $16 {was worth a try.} 30. h3 Qe7) 30. h3 Bb7 31. Rb1 Qe7 {aiming for ...Ra8.} 32. Bd4 Nxe4 33. Bxe4 ({Don't take} 33. Rxb4 $6 Ra8 $16) 33... Bxd4 {[#]} 34. Bxg6+ $1 {[%mdl 512]} fxg6 35. Qxd4 Qe4 36. Qxb4 Bxd5 37. Nxd5 Qxd5 38. Qxh4+ $18 {[%mdl 4096] Endgame KQR-KQR} Kg8 (38... Kg7 $16 {keeps fighting.} 39. Ra1 Qc5) 39. Qh6 Qf7 40. Rd1 Re6 41. Qg5 Qf6 42. Qd5 Kg7 43. g3 Qe5 44. Qd3 Qc5 45. h4 Rf6 46. Rd2 Qc1+ 47. Kh2 Qc5 48. Kg2 Qc6+ 49. Qd5 Qb6 50. Qe4 Qc5 51. f4 Kh6 $2 (51... Kf8 52. Qa8+ Kg7 53. Qb7+ Rf7) 52. Qe8 {Accuracy: White = 72%, Black = 35%.} (52. g4 $142 Kg7 {[#]} 53. h5 $1 {[%mdl 512]}) 1-0

[Event "FRA-chT Top 12 2019"]
[Site "Brest"]
[Date "2019.05.21"]
[Round "4.3"]
[White "Gledura, Benjamin"]
[Black "Tabatabaei, M.amin"]
[Result "1-0"]
[WhiteElo "2645"]
[BlackElo "2610"]
[Annotator "TA"]
[PlyCount "79"]
[EventDate "2019.05.18"]
[EventType "team-tourn"]
[EventCountry "FRA"]
[SourceTitle "playchess.com"]
[Source "ChessBase"]
[SourceQuality "1"]

{[%evp 15,79,55,57,58,58,51,68,51,51,51,51,51,45,50,46,45,66,70,91,111,83,62,80,73,209,209,209,207,234,226,226,241,226,233,266,278,610,600,733,727,1231,1236,1205,1204,1008,403,643,643,607,627,595,561,2154,2017,2054,2031,2031,1324,5169,2653,2479,1543,29978,29979,29979,29974]} 1. d4 Nf6 2. c4 c5 3. d5 g6 4. Nc3 Bg7 5. e4 d6 6. h3 O-O 7. Nf3 a6 8. a4 e6 9. Bd3 {E90: King's Indian: Classical: Early deviations and 6 h3} a5 (9... Nbd7 10. O-O e5 11. Bg5 h6 12. Be3 Nh7 13. Qd2 f5 14. Bxh6 f4 15. Bxg7 Kxg7 16. Nh2 Ndf6 17. Be2 Rh8 18. f3 Ng5 19. Ng4 Nxh3+ 20. gxh3 Rxh3 21. Rf2 Nxg4 22. fxg4 Qh4 {0-1 (22) Giri,A (2782)-Aronian,L (2767) chess.com INT 2018}) 10. O-O e5 11. Nh2 $146 {White is slightly better.} ({Predecessor:} 11. Bg5 h6 12. Bh4 Na6 13. Ne1 Nb4 14. Be2 Qd7 15. Rc1 b6 {0-1 (60) Sichler,R (2168)-Berza,S (2300) ICCF email 2016}) 11... Nh5 12. Ra3 Na6 13. Nb5 Nb4 14. Bb1 b6 15. Re1 Rb8 16. g3 Rb7 17. Ng4 Kh8 18. h4 f6 19. Nh6 Nf4 (19... Re8 $16) 20. gxf4 $18 {aiming for f5.} Bxh6 {[#]} 21. Nxd6 $1 {[%mdl 512]} Rg7 (21... Qxd6 22. fxe5) 22. Nxc8 {And now Nd6 would win.} Bxf4 23. Bxf4 exf4 24. Qf3 g5 25. hxg5 f5 $2 (25... Qxc8 26. Qxf4 Qd8) 26. Qxf4 fxe4 27. Qxe4 Qxg5+ 28. Rg3 Qf6 29. Rxg7 Qxg7+ 30. Qg2 (30. Kf1 $142) 30... Qxg2+ (30... Rxc8 $142 31. Qxg7+ Kxg7 32. Re7+ Kf6 33. Re6+ Kg5 34. Bxh7 Rh8) 31. Kxg2 Rxc8 {[%mdl 4096] Endgame KRB-KRN} 32. Re7 Rg8+ 33. Kf3 {[%csl Gb1][%cal Re7h7]} Rg7 34. Re8+ Rg8 35. Rxg8+ Kxg8 36. Kf4 Kg7 37. Ke5 h5 38. Kd6 h4 39. Ke7 h3 40. Be4 {Accuracy: White = 89%, Black = 34%.} 1-0

[Event "FRA-chT Top 12 2019"]
[Site "Brest"]
[Date "2019.05.21"]
[Round "4.3"]
[White "Lagarde, Maxime"]
[Black "Colin, Vincent"]
[Result "1-0"]
[WhiteElo "2600"]
[BlackElo "2383"]
[Annotator "RC"]
[PlyCount "79"]
[EventDate "2019.05.18"]
[EventType "team-tourn"]
[EventCountry "FRA"]
[SourceTitle "playchess.com"]
[Source "ChessBase"]
[SourceQuality "1"]
[TimeControl "40/5400+30:1800+30"]

1. e4 {[%emt 0:00:00]} c5 {[%emt 0:00:00]} 2. Nf3 {[%emt 0:00:00]} Nc6 {[%emt 0:00:00]} 3. d4 {[%emt 0:00:00]} cxd4 {[%emt 0:00:00]} 4. Nxd4 {[%emt 0:00:00]} e5 {[%emt 0:00:02]} 5. Nb5 {[%emt 0:00:00]} d6 {[%emt 0:00:07]} 6. N1c3 {[%emt 0:00:10]} a6 {[%emt 0:00:32]} 7. Na3 {[%emt 0:00:03]} Be7 {[%emt 0:03:46]} 8. Be3 {[%emt 0:01:10]} b5 {[%emt 0:00:15]} 9. Nd5 {[%emt 0:00:04]} Rb8 {[%emt 0:00:06]} 10. c4 {[%emt 0:00:34]} b4 {[%emt 0:00:07]} 11. Nc2 {[%emt 0:00:03]} Nf6 {[%emt 0:00:06]} 12. Qd3 {[%emt 0:00:13]} O-O {[%emt 0:03:14]} 13. Be2 {[%emt 0:00:12]} Nxd5 {[%emt 0:01:40]} 14. cxd5 {[%emt 0:00:06]} Na5 {[%emt 0:00:14]} 15. a3 {[%emt 0:00:14]} bxa3 {[%emt 0:14:15]} 16. b4 {[%emt 0:00:09]} Nb7 {[%emt 0:00:26]} 17. Rxa3 {[%emt 0:04:24]} f5 {[%emt 0:05:56]} 18. Rxa6 {[%emt 0:05:43]} fxe4 {[%emt 0:00:58]} 19. Qd1 {[%emt 0:06:38]} Qe8 {[%emt 0:06:54]} 20. O-O {[%emt 0:03:18]} Nd8 {[%emt 0:03:25]} 21. Ra7 {[%emt 0:00:48]} Rf7 {[%emt 0:10:41]} 22. b5 {[%emt 0:06:28]} Bg5 {[%emt 0:03:20]} 23. Qa1 {[%emt 0:04:33]} Bxe3 {[%emt 0:03:06]} 24. Nxe3 {[%emt 0:01:21]} Nb7 {[%emt 0:08:47]} 25. Nc4 {[%emt 0:08:55]} Qd8 {[%emt 0:05:33]} 26. Qa3 {[%emt 0:04:25]} Rc7 {[%emt 0:02:52]} 27. Ra6 {[%emt 0:06:14]} Bg4 {[%emt 0:02:13]} 28. Qe3 {[%emt 0:13:55]} Bxe2 {[%emt 0:03:59]} 29. Qxe2 {[%emt 0:00:05]} Rc5 {[%emt 0:00:10]} 30. Ne3 {[%emt 0:00:32]} Na5 {[%emt 0:08:15]} 31. Rb1 {[%emt 0:04:34]} Qc7 {[%emt 0:01:05]} 32. h4 {[%emt 0:01:39]} Rc1+ {[%emt 0:01:49]} 33. Rxc1 {[%emt 0:00:09]} Qxc1+ {[%emt 0:00:07]} 34. Kh2 {[%emt 0:00:04]} Nb3 {[%emt 0:00:30]} 35. Qg4 {[%emt 0:03:39]} Qc7 {[%emt 0:06:48]} 36. b6 {[%emt 0:04:35]} Rxb6 {[%emt 0:02:40]} 37. Rxb6 {[%emt 0:00:20]} Qxb6 {[%emt 0:00:06]} 38. Qc8+ {[%emt 0:00:02]} Kf7 {[%emt 0:00:10]} 39. Qd7+ {[%emt 0:00:03]} Kf8 {[%emt 0:00:42]} 40. Nf5 {[%emt 0:00:06]} 1-0

[Event "FRA-chT Top 12 2019"]
[Site "Brest"]
[Date "2019.05.21"]
[Round "4.3"]
[White "Moussard, Jules"]
[Black "Van Wely, Loek"]
[Result "1/2-1/2"]
[WhiteElo "2583"]
[BlackElo "2600"]
[Annotator "TA"]
[PlyCount "108"]
[EventDate "2019.05.18"]
[EventType "team-tourn"]
[EventCountry "FRA"]
[SourceTitle "playchess.com"]
[Source "ChessBase"]
[SourceQuality "1"]

{[%evp 18,108,0,-8,-4,-8,-8,-28,-2,-18,12,0,27,26,27,22,30,31,31,21,32,0,46,18,21,16,18,12,17,16,34,43,51,-5,-8,-5,0,-5,-5,-6,-9,-12,-5,-4,-5,-2,-4,-10,-1,-1,-4,-2,-2,-8,-8,-37,-33,-29,-32,-81,-74,-67,-39,-44,-44,-45,-39,-39,-39,-36,-32,-32,-47,-53,-20,-33,-20,-20,-20,-20,-20,-20,0,0,0,0,0,0,0,0,0,0,0]} 1. e4 c5 2. Nf3 d6 3. Bb5+ Bd7 4. Bxd7+ Qxd7 5. c4 Nf6 6. d3 g6 7. O-O Nc6 8. Nc3 Bg7 9. h3 O-O 10. Be3 a6 {B52: Sicilian: Moscow Variation with 3...Bd7} 11. Rc1 (11. Qd2 Rab8 12. b3 {½-½ (12) Pirs,M (2553)-Valutanu,M (2645) ICCF email 2011}) 11... b5 12. b3 $146 ({Predecessor:} 12. Nd5 Rab8 13. b3 bxc4 14. Nxf6+ Bxf6 15. Rxc4 e5 16. Ra4 Ra8 17. Nd2 Bg7 18. Nc4 {½-½ (25) Szewczyk,G-Szczepankiewicz,D Poland 1997}) 12... e6 {Black has an edge.} 13. Qe2 bxc4 14. dxc4 Qc7 15. Rfd1 Rfd8 16. Qd2 Qa5 17. Bg5 Rd7 18. Re1 Raa7 19. Bh6 Nd4 (19... Ne5 $5 {[%cal Rg7h6]}) 20. Nxd4 Bxh6 21. Qxh6 cxd4 22. Na4 $1 e5 23. c5 dxc5 24. Qg5 d3 $1 {[%cal Rd3d2]} 25. Red1 ({Much weaker is} 25. Qxf6 d2 $15) ({White should play} 25. Re3 $1 $14) 25... Nxe4 $11 26. Qxe5 {[%mdl 64] [#] Double Attack} d2 27. Rc2 {[%cal Bc1c2,Bc2d2,Bd2d6][%mdl 32] Threatens to win with f3.} Re7 28. Qb8+ Kg7 {White must now prevent ...c4!} 29. f3 Nf6 {[#] Strongly threatening ...Re1+.} 30. Rcxd2 c4 31. Qf4 cxb3 32. axb3 Rab7 33. Rd6 $132 {[%mdl 2048] White is not keeping still} Qe5 34. Qxe5 Rxe5 35. R1d3 Nh5 36. R6d4 Reb5 37. g4 Nf6 38. Rd6 a5 39. Kf2 Rxb3 40. Rxb3 Rxb3 $15 {[%mdl 4096] Endgame KRN-KRN} 41. Ra6 Nd5 42. Rxa5 Nf4 {And now ...Ra3 would win.} 43. Nc5 Rb2+ 44. Ke3 Nxh3 45. Ra7 Rb8 46. f4 Re8+ 47. Kf3 {The position is equal.} Ng1+ 48. Kf2 Ne2 49. Nd3 Nc3 50. Ne5 Ne4+ 51. Kf3 Nd6 52. Rd7 Re6 53. g5 Kf8 54. Kg4 Kg7 {Accuracy: White = 62%, Black = 58%.} 1/2-1/2

[Event "FRA-chT Top 12 2019"]
[Site "Brest"]
[Date "2019.05.21"]
[Round "4.3"]
[White "Sulava, Nenad"]
[Black "Santos Ruiz, Miguel"]
[Result "1/2-1/2"]
[WhiteElo "2422"]
[BlackElo "2549"]
[Annotator "RC"]
[PlyCount "33"]
[EventDate "2019.05.18"]
[EventType "team-tourn"]
[EventCountry "FRA"]
[SourceTitle "playchess.com"]
[Source "ChessBase"]
[SourceQuality "1"]
[TimeControl "40/5400+30:1800+30"]

1. Nf3 d5 {[%emt 0:02:28]} 2. e3 {[%emt 0:00:00]} Nf6 {[%emt 0:00:37]} 3. c4 {[%emt 0:00:00]} e6 {[%emt 0:00:04]} 4. b3 {[%emt 0:00:16]} b6 {[%emt 0:00:16]} 5. Bb2 {[%emt 0:00:06]} Bb7 {[%emt 0:00:05]} 6. Nc3 {[%emt 0:00:21]} Nbd7 {[%emt 0:03:26]} 7. Qc2 {[%emt 0:07:45]} a6 {[%emt 0:09:16]} 8. cxd5 {[%emt 0:15:41]} exd5 {[%emt 0:00:21]} 9. d4 {[%emt 0:12:15]} Bd6 {[%emt 0:01:41]} 10. g3 {[%emt 0:00:16]} O-O {[%emt 0:11:07]} 11. Bg2 {[%emt 0:02:56]} Re8 {[%emt 0:00:15]} 12. O-O {[%emt 0:03:38]} Qe7 {[%emt 0:02:04]} 13. Rac1 {[%emt 0:16:23]} Ne4 {[%emt 0:03:52]} 14. Nxe4 {[%emt 0:02:57]} dxe4 {[%emt 0:02:57]} 15. Ne5 {[%emt 0:00:51]} Nf6 {[%emt 0:09:03]} 16. Nc4 {[%emt 0:03:41]} Nd5 {[%emt 0:00:23]} 17. Nxd6 {[%emt 0:11:34]} 1/2-1/2

[Event "FRA-chT Top 12 2019"]
[Site "Brest"]
[Date "2019.05.21"]
[Round "4.3"]
[White "Lefebvre, Herve"]
[Black "Postny, Evgeny"]
[Result "0-1"]
[WhiteElo "2291"]
[BlackElo "2603"]
[Annotator "TA"]
[PlyCount "58"]
[EventDate "2019.05.18"]
[EventType "team-tourn"]
[EventCountry "FRA"]
[SourceTitle "playchess.com"]
[Source "ChessBase"]
[SourceQuality "1"]

{[%evp 11,58,5,20,18,27,15,19,-17,0,-29,-22,-35,-8,-14,-10,-62,-57,-58,-47,-110,-56,-84,-75,-75,-81,-72,-64,-64,-60,-120,-117,-157,-109,-106,-100,-207,-214,-215,-191,-295,-287,-562,-573,-675,-661,-658,-651,-791,-759]} 1. e4 c6 2. d4 d5 3. Nc3 dxe4 4. Nxe4 Bf5 5. Ng3 Bg6 6. Nh3 Nd7 7. Bc4 {B18: Classical Caro-Kann: 4...Bf5 sidelines} e6 8. O-O Bd6 9. f4 {The position is equal.} Ne7 10. Ng5 Nf6 11. Bd3 $146 ({Predecessor:} 11. c3 Qc7 12. Qe2 O-O-O 13. N3e4 Nxe4 14. Nxe4 {½-½ (44) Sanchez Enriquez,O (2346)-Gonzalez Vidal,Y (2560) Merida 2014}) 11... Qc7 12. Bxg6 hxg6 13. Qe2 ({White should try} 13. N3e4 $11) 13... Nf5 14. Nxf5 gxf5 15. c4 (15. Be3 $15) 15... O-O-O (15... Be7 $17) 16. c5 Bf8 17. Be3 g6 18. Nf3 Ne4 19. b4 f6 20. Qc4 {[#]} (20. b5 $15) 20... Rd5 $1 $17 21. a4 {[#]} g5 $1 {[%mdl 512] Hoping for ...g4.} 22. b5 (22. fxg5 fxg5) 22... gxf4 23. b6 (23. Bf2 $17) 23... axb6 $19 24. cxb6 Qxb6 25. Rfb1 (25. Bxf4 $142 Qb4 26. Rac1) 25... Qc7 26. a5 $2 (26. Bf2 {might work better.}) 26... Nd6 {Black is clearly winning.} 27. Qe2 fxe3 28. a6 bxa6 29. Qxa6+ Kd7 {Accuracy: White = 32%, Black = 78%.} 0-1

[Event "FRA-chT Top 12 2019"]
[Site "Brest"]
[Date "2019.05.21"]
[Round "4.4"]
[White "Feller, Sebastien"]
[Black "Vallin, Guillaume"]
[Result "1/2-1/2"]
[WhiteElo "2587"]
[BlackElo "2389"]
[Annotator "TA"]
[PlyCount "56"]
[EventDate "2019.05.18"]
[EventType "team-tourn"]
[EventCountry "FRA"]
[SourceTitle "playchess.com"]
[Source "ChessBase"]
[SourceQuality "1"]

{[%evp 11,56,0,16,10,13,4,13,4,0,-10,0,-22,20,-34,-20,-16,-2,-50,-50,-171,-166,-167,-164,-166,-163,-167,-172,-220,-120,-123,-132,-128,-122,-125,-111,-117,-103,-172,-108,-217,-212,-210,-191,-194,-192,-183,-79]} 1. e4 e6 2. f4 d5 3. e5 c5 4. Nf3 Nc6 5. c3 Nge7 6. Na3 Nf5 7. Nc2 {C00: French: Unusual White 2nd moves} Be7 8. d4 cxd4 (8... Bd7 9. Bd3 g6 10. O-O cxd4 11. Bxf5 gxf5 12. Ncxd4 Qb6 13. Rf2 Na5 14. b3 Rc8 {0-1 (45) Izoria,Z (2603)-Smirnov,A (2569) chess.com INT 2019}) 9. cxd4 {The position is equal.} Qb6 10. Be2 h5 $146 ({Predecessor:} 10... Nb4 11. Ne3 Bd7 12. Nxf5 exf5 13. a3 Nc6 14. O-O Rc8 {0-1 (47) Boulan,L (1988)-Andersson,C (2132) Guingamp 2009}) 11. O-O a5 (11... Ncxd4 $5 12. Ncxd4 Bc5 $15) 12. Qd3 (12. Bd3 $11) 12... Bd7 13. Bd2 O-O 14. Bc3 Nb4 15. Qd2 ({Better is} 15. Bxb4 $1 $15 axb4 16. Ne3) 15... Nxc2 $19 {[%mdl 64] Overworked Piece} 16. Qxc2 Ne3 $1 $36 {[%csl LRc2,LRf1][%mdl 2112] Double Attack. Black is really pushing.} 17. Qd3 Nxf1 18. Rxf1 Qa6 19. Qc2 {[#]} Bb5 (19... Ba4 $1 $19 {[%cal Ra4c2][%mdl 512]} 20. Qd2 (20. Qxa4 Qxe2) 20... Bb5 21. Bxb5 Qxb5) 20. Bxb5 $17 Qxb5 21. f5 exf5 22. Qxf5 Ra6 23. Qxh5 Qd3 24. Qh3 {[#]} (24. Qg4 $17) 24... Re6 ({Black should try} 24... Bb4 $1 $19 25. Qd7 Bxc3 26. bxc3 Qe3+ 27. Kh1 Qxc3 28. Qxd5 Qc6) 25. Bxa5 {[#]} (25. Ng5 $17 Qxh3 26. Nxh3) 25... Ra8 $1 $19 {[%cal Ra8a5] Black is clearly better.} 26. Bc3 Rxa2 27. Ng5 Qxh3 28. Nxh3 Rb6 {Accuracy: White = 34%, Black = 72%.} (28... b5 $19 {has better winning chances.} 29. Nf4 {[%mdl 64] Double Attack} b4) 1/2-1/2

[Event "FRA-chT Top 12 2019"]
[Site "Brest"]
[Date "2019.05.21"]
[Round "4.4"]
[White "Libiszewski, Fabien"]
[Black "Degraeve, Jean-Marc"]
[Result "1/2-1/2"]
[WhiteElo "2511"]
[BlackElo "2546"]
[Annotator "TA"]
[PlyCount "73"]
[EventDate "2019.05.18"]
[EventType "team-tourn"]
[EventCountry "FRA"]
[SourceTitle "playchess.com"]
[Source "ChessBase"]
[SourceQuality "1"]

{[%evp 10,73,59,70,60,62,62,35,37,31,36,33,51,51,43,23,46,35,38,35,35,39,36,0,0,0,0,0,33,35,33,33,82,81,178,167,223,238,229,236,237,232,222,142,158,158,158,158,158,158,158,158,158,158,152,151,143,142,212,100,219,14,14,10,12,0]} 1. e4 d5 2. exd5 Qxd5 3. Nc3 Qd8 4. d4 Nf6 5. Nf3 Bg4 6. h3 Bxf3 {B01: Scandinavian Defence} 7. Qxf3 c6 8. Qd3 e6 {White is slightly better.} 9. g3 Nbd7 10. Bg2 g6 $146 ({Predecessor:} 10... Bd6 11. O-O O-O 12. a3 Qc7 13. Rd1 Rad8 14. b3 {1-0 (45) Carlsen,M (2877)-Djukic,N (2521) Tromsoe 2014}) 11. O-O Bg7 12. b4 O-O 13. Rb1 Rc8 14. a4 Nd5 15. Ne4 N7f6 16. c4 Nxe4 17. Bxe4 Ne7 18. Rd1 $36 {[%mdl 2048] Black is under pressure.} Qd7 19. b5 Rfd8 {[%cal Rg7d4]} 20. Be3 f5 21. Bg2 b6 (21... c5 $16) 22. Qe2 $18 h6 (22... Kf8 {was necessary.} 23. Rd2 Bf6) 23. bxc6 Nxc6 24. d5 exd5 25. Rxd5 ({Don't do} 25. cxd5 $6 Na5 $16) (25. Bxd5+ $6 Kh8) 25... Qe7 26. Rbd1 Nb4 27. Rxd8+ Rxd8 28. Rxd8+ Qxd8 29. c5 bxc5 30. Bxc5 a5 31. Qb5 $1 Kh7 32. Bb6 Qd1+ 33. Kh2 Na2 {[#]} (33... Nc2 $16 {was called for.} 34. Qxa5 (34. Bxa5 Nd4 $14) 34... Nd4) 34. Bxa5 ({Much less strong is} 34. Qxa5 $6 Nc3 $16) (34. Bd5 $1 $18 {[%cal Rd5a2] and the rest is easy.} Nc3 35. Bb3 Nxb5 36. Bxd1) 34... h5 {[#]} (34... Nc1 $16) 35. Qd5 $2 (35. Qc6 $1 $18) 35... Qxa4 $11 36. Bd2 {aiming for Qf7.} Nc3 37. Bxc3 {Accuracy: White = 60%, Black = 53%.} 1/2-1/2

[Event "FRA-chT Top 12 2019"]
[Site "Brest"]
[Date "2019.05.21"]
[Round "4.4"]
[White "Apicella, Manuel"]
[Black "Efimov, Igor"]
[Result "1-0"]
[WhiteElo "2502"]
[BlackElo "2439"]
[Annotator "TA"]
[PlyCount "71"]
[EventDate "2019.05.18"]
[EventType "team-tourn"]
[EventCountry "FRA"]
[SourceTitle "playchess.com"]
[Source "ChessBase"]
[SourceQuality "1"]

{[%evp 10,71,16,16,16,15,19,0,2,-21,-20,-26,-22,-30,-27,-42,-42,-40,-30,-66,-62,-62,-68,-65,-70,-52,-54,-52,-58,-60,-35,-61,-61,-60,-60,-128,-114,-107,-51,-58,-75,-81,0,0,11,18,12,14,53,-25,147,14,798,797,757,783,782,695,975,949,905,862,929,898]} 1. e4 c5 2. Nf3 e6 3. c3 d5 4. e5 Ne7 5. d4 Nec6 6. Be2 Be7 {C02: French: Advance Variation} (6... b6 7. O-O a5 8. Be3 Ba6 9. Nbd2 Bxe2 10. Qxe2 Be7 11. Rfe1 Na6 12. Nf1 Nc7 13. Ng3 Qd7 14. Nh5 {½-½ (31) Najer,E (2658)-Demidov,M (2497) Moscow 2015}) 7. O-O b6 {[%cal Bb7b6,Bb6c5][%mdl 32]} 8. Re1 $146 ({Predecessor:} 8. dxc5 bxc5 9. c4 d4 10. Bd3 Nd7 11. Re1 Rb8 12. Na3 O-O 13. Nc2 Rb6 14. Qe2 {½-½ (22) Haba,P (2502)-Machelett,H (2418) Germany 2014}) 8... Ba6 {The position is equal.} 9. dxc5 Bxe2 10. Qxe2 bxc5 11. c4 d4 12. Bf4 Nd7 13. Bg3 Qb6 14. b3 a5 15. Na3 a4 16. Nb5 O-O 17. Qe4 axb3 18. axb3 Ra6 19. h4 h6 20. h5 Rfa8 21. Rxa6 Rxa6 22. Bh4 (22. Bf4 $15) 22... Bxh4 $17 23. Qxh4 {[#]} Qd8 ({Black should play} 23... Qb8 $1 $17 {[%cal Rc6e5]} 24. Qe4 Nb4) 24. Qf4 $15 Nb4 {aiming for ...Nd3.} 25. Rd1 Nb8 (25... Qb8 $17 26. Nd6 Qf8) 26. g4 $11 Qe7 27. g5 hxg5 28. Nxg5 {[#] Black must now prevent h6!} Nd7 $1 29. h6 (29. Qg3 $1 $14) 29... gxh6 $2 (29... f6 $1 $11 30. exf6 Qxf6 31. h7+ Kh8) 30. Ne4 $16 {And now Kh1 would win.} Nc6 $2 {[%mdl 8192]} (30... Kh7 $11) 31. Nf6+ $18 {White is clearly winning.} Nxf6 32. exf6 Qf8 33. Kh1 e5 34. Rg1+ Kh8 35. Qf5 Nd8 36. Rg7 {Accuracy: White = 64%, Black = 52%.} 1-0

[Event "FRA-chT Top 12 2019"]
[Site "Brest"]
[Date "2019.05.21"]
[Round "4.4"]
[White "Bailet, Pierre"]
[Black "Rodshtein, Maxim"]
[Result "1/2-1/2"]
[WhiteElo "2466"]
[BlackElo "2699"]
[Annotator "TA"]
[PlyCount "84"]
[EventDate "2019.05.18"]
[EventType "team-tourn"]
[EventCountry "FRA"]
[SourceTitle "playchess.com"]
[Source "ChessBase"]
[SourceQuality "1"]

{[%evp 12,84,17,26,30,8,34,29,23,25,40,-5,26,19,35,-2,29,-62,-32,-55,-46,-40,37,32,19,24,43,0,50,19,22,0,27,46,102,104,112,73,72,75,64,69,52,57,41,43,29,0,0,0,0,0,0,0,0,0,0,0,0,0,0,0,0,0,0,0,0,0,0,0,0,0,0,0,0]} 1. e4 c5 2. Nf3 d6 3. d4 cxd4 4. Nxd4 Nf6 5. Nc3 a6 6. h3 e6 7. g4 Nfd7 {B81: Sicilian Scheveningen: Keres Attack} (7... h6 8. Bg2 Be7 9. Qe2 Nc6 10. Be3 Nxd4 11. Bxd4 e5 12. Be3 b5 13. O-O-O b4 14. Nd5 Nxd5 15. exd5 O-O 16. Be4 a5 17. Kb1 Bg5 18. h4 Bxe3 19. fxe3 f5 20. gxf5 Bxf5 {½-½ (20) Lu,S (2625)-Yilmaz,M (2631) Qinhuangdao 2019}) 8. Be3 Be7 9. Qd2 O-O {White has an edge.} 10. g5 b5 11. h4 Bb7 12. a3 Nc6 13. Rg1 Nde5 $146 {...Nxd4 is the strong threat.} ({Predecessor:} 13... Rc8 14. Nxc6 Rxc6 15. h5 {0-1 (35) Burrows,M (2121)-Keymer,V (2491) Douglas 2018}) 14. Be2 (14. Rg3 $1 $11) 14... Rc8 15. f4 Nxd4 $1 16. Bxd4 Nc4 (16... Nc6 $1 $15 17. Be3 Na5) 17. Bxc4 $1 $14 Rxc4 18. O-O-O $1 Qc7 19. Bf6 (19. b3 $5 {[%cal Rb3c4]} Rc6 20. Kb1 $11) 19... Rd8 20. Bxe7 Qxe7 21. f5 exf5 22. exf5 Qe5 {[#]} (22... d5 $1 $14) 23. Rge1 $1 $16 {[%cal Re1e5]} Be4 ({Wrong is} 23... Qxf5 $2 {[#]} 24. Qxd6 $1 {[%mdl 512]} h6 25. Qxd8+ $18) 24. Qf2 d5 25. Nxe4 Rxe4 26. Rxe4 Qxe4 {[%mdl 4096] Endgame KQR-KQR} 27. Re1 Qc4 28. Qe3 {White threatens Qe8+! and mate.} Rf8 29. Rd1 (29. Qg3 {looks sharper.} a5 30. Qf2 b4 31. b3 Qc3 32. Qe3) 29... Qxh4 {The position is equal.} 30. Rxd5 h6 31. gxh6 Qxh6 32. Qxh6 gxh6 $11 {KR-KR} 33. a4 Rb8 34. Rd6 Kg7 35. Rxa6 bxa4 36. Rxa4 Kf6 37. Ra6+ Kg5 38. Ra7 Kf6 39. Ra6+ Kg5 40. Ra7 f6 41. Rh7 h5 42. c3 Rb5 {Accuracy: White = 43%, Black = 57%.} 1/2-1/2